000
00354nam a2200133Ia 4500
008
151001s9999||||xx |||||||||||||| ||und||
100
_a
र धों कर्वे
245
_a
पॅरीसच्या घरी
250
_a
2
260
_b
अंजली प्रकाशन पुणे
260
_c
1952
300
_a
123
365
_b
7
999
_c
951176
_d
951173